Southville International School and Colleges
Your cart is empty.
  • Cart
  • Lists
    Public lists Eva Luna New books Lux_list list_1
    Your lists Log in to create your own lists
  • Log in to your account
  • Your cookies
  • Search history
Southville International School and Colleges
  • Advanced search
  • Recent comments
  • Most popular
  • Libraries

Log in to your account

Log in with GOOGLE


If you do not have an external account, but do have a local account, you can still log in:

  1. Home
  2. MARC view: New english arts and skills fourth year
Normal view MARC view ISBD view

New english arts and skills fourth year (Record no. 35487)

[ view plain ]
MARC details
000 -LEADER
fixed length control field 00472nam a22001697a 4500
003 - CONTROL NUMBER IDENTIFIER
control field OSt
005 - DATE AND TIME OF LATEST TRANSACTION
control field 20140311130135.0
008 - FIXED-LENGTH DATA ELEMENTS--GENERAL INFORMATION
fixed length control field 130531t xxu||||| |||| 00| 0 eng d
020 ## - INTERNATIONAL STANDARD BOOK NUMBER
International Standard Book Number 9710851764
050 ## - LIBRARY OF CONGRESS CALL NUMBER
Classification number PE 1065
Item number .N433 1992
082 ## - DEWEY DECIMAL CLASSIFICATION NUMBER
Classification number FIL 428.2
Item number N34 1992
245 ## - TITLE STATEMENT
Title New english arts and skills fourth year
Statement of responsibility, etc Nem Singh, Rosario P.
260 ## - PUBLICATION, DISTRIBUTION, ETC. (IMPRINT)
Place of publication, distribution, etc Philippines
Name of publisher, distributor, etc National Book Store
Date of publication, distribution, etc c1992
300 ## - PHYSICAL DESCRIPTION
Extent 213 p.
Dimensions 22 cm
942 ## - ADDED ENTRY ELEMENTS (KOHA)
Source of classification or shelving scheme Library of Congress Classification
Koha item type Books
Call number prefix Filipininana

No items available.

New english arts and skills fourth year

APA

(1992). New english arts and skills fourth year. Philippines: National Book Store.

Chicago

1992. New english arts and skills fourth year. Philippines: National Book Store.

Harvard

(1992). New english arts and skills fourth year. Philippines: National Book Store.

MLA

New english arts and skills fourth year. Philippines: National Book Store. 1992.

  • Print
  • Cite
  • Add to your cart (remove)
  • Save record
    BIBTEX Dublin Core MARCXML MARC (non-Unicode/MARC-8) MARC (Unicode/UTF-8) MARC (Unicode/UTF-8, Standard) MODS (XML) RIS
  • More searches
    Search for this title in:
    Other Libraries (WorldCat) Other Databases (Google Scholar) Online Stores (Bookfinder.com) Open Library (openlibrary.org)

Exporting to Dublin Core...

SOUTHVILLE LIBRARY

Southville International School and Colleges Library

1281 Tropical Ave. Cor. Luxembourg St., BF Homes International, Las Pinas City

Tel. No. 8256374 / 252358 Loc. 117/146

Powered by Koha